Stick welding.

Saved in:
Bibliographic Details
Corporate Authors: Lincoln Electric Italia S.r.l. (Genova) (Author), CONSULTING & CONTROL OF WELDING, s.r.o. (Žilina) (Compiler)
Format: Book
Language:English
Published: [S.l.] : [s.n.], 2007
Edition:[1st ed.]
Subjects:
Online Access: Get full text
Tags: Add Tag
No Tags, Be the first to tag this record!

MARC

LEADER 00000nam a2200000 4500
003 SK-BrCVT
005 20220621163314.0
008 070820s2007 it e ||||||eng d
035 |a CVTIDW1413768 
040 |b slo  |a CVTI SR  |e AACR2 
041 0 |a eng 
044 |a it 
080 |a 621.791  |2 UDC-MRF 
110 2 |a Lincoln Electric Italia S.r.l. (Genova)  |4 aut 
245 1 0 |a Stick welding. 
250 |a [1st ed.] 
260 |a [S.l.] :  |b [s.n.],  |c 2007 
300 |a [6 s.] :  |b obr., tab. ; 
653 1 |a zváranie tyčinkovou elektródou  |a oblúkové zváranie 
710 2 |a CONSULTING & CONTROL OF WELDING, s.r.o. (Žilina)  |4 com 
910 |b F027331 
959 |a 5519 
974 |f Firemná literatúra 
992 |a FFP 
999 |c 155984  |d 155984